<?xml version="1.0" encoding="UTF-8"?>
<record
    xmlns:xsi="http://www.w3.org/2001/XMLSchema-instance"
    xsi:schemaLocation="http://www.loc.gov/MARC21/slim http://www.loc.gov/standards/marcxml/schema/MARC21slim.xsd"
    xmlns="http://www.loc.gov/MARC21/slim">

  <leader>00787nam a2200241 a 4500</leader>
  <controlfield tag="001">BRCA_28</controlfield>
  <controlfield tag="005">20190320202842.0</controlfield>
  <controlfield tag="008">870506s1987    enka---##b---#001-0#eng-#</controlfield>
  <datafield tag="020" ind1=" " ind2=" ">
    <subfield code="a">0750608811</subfield>
  </datafield>
  <datafield tag="040" ind1=" " ind2=" ">
    <subfield code="a">DLC</subfield>
    <subfield code="c">DLC</subfield>
    <subfield code="d">DLC</subfield>
  </datafield>
  <datafield tag="050" ind1=" " ind2="4">
    <subfield code="a">TP156.C5</subfield>
    <subfield code="b">.H67 1987</subfield>
  </datafield>
  <datafield tag="100" ind1="1" ind2=" ">
    <subfield code="a">Horie, Charles Velson</subfield>
    <subfield code="9">132</subfield>
  </datafield>
  <datafield tag="245" ind1="1" ind2="0">
    <subfield code="a">Materials for Conservation</subfield>
    <subfield code="b">Organic Consolidants, Adhesives, and Coatings</subfield>
    <subfield code="c">C.V. Horie.</subfield>
  </datafield>
  <datafield tag="260" ind1=" " ind2=" ">
    <subfield code="a">Boston</subfield>
    <subfield code="b">Butterworths</subfield>
    <subfield code="c">1987</subfield>
  </datafield>
  <datafield tag="300" ind1=" " ind2=" ">
    <subfield code="a">xi, 281 p.</subfield>
    <subfield code="b">il.</subfield>
    <subfield code="c">22 cm.</subfield>
  </datafield>
  <datafield tag="440" ind1=" " ind2="0">
    <subfield code="a">Butterworths Series in Conservation and Museology</subfield>
    <subfield code="9">133</subfield>
  </datafield>
  <datafield tag="500" ind1=" " ind2=" ">
    <subfield code="a">Incluye &#xED;ndice de temas y de autores</subfield>
  </datafield>
  <datafield tag="504" ind1=" " ind2=" ">
    <subfield code="a">Bibliograf&#xED;a: p. 229-252</subfield>
  </datafield>
  <datafield tag="650" ind1="1" ind2="4">
    <subfield code="a">Revestimientos</subfield>
    <subfield code="9">134</subfield>
  </datafield>
  <datafield tag="650" ind1="1" ind2="4">
    <subfield code="a">Adhesivos</subfield>
    <subfield code="9">135</subfield>
  </datafield>
  <datafield tag="650" ind1="1" ind2="4">
    <subfield code="a">Arte</subfield>
    <subfield code="x">Conservaci&#xF3;n y restauraci&#xF3;n</subfield>
    <subfield code="9">136</subfield>
  </datafield>
  <datafield tag="942" ind1=" " ind2=" ">
    <subfield code="2">lcc</subfield>
    <subfield code="c">B</subfield>
  </datafield>
  <datafield tag="999" ind1=" " ind2=" ">
    <subfield code="c">28</subfield>
    <subfield code="d">28</subfield>
  </datafield>
  <datafield tag="952" ind1=" " ind2=" ">
    <subfield code="0">0</subfield>
    <subfield code="1">0</subfield>
    <subfield code="4">0</subfield>
    <subfield code="7">0</subfield>
    <subfield code="a">BRCA</subfield>
    <subfield code="b">BRCA</subfield>
    <subfield code="d">2008-06-25</subfield>
    <subfield code="l">0</subfield>
    <subfield code="o">TP156.C5 .H67 1987</subfield>
    <subfield code="p">00023_1</subfield>
    <subfield code="r">2019-03-23 00:00:00</subfield>
    <subfield code="w">2019-03-23</subfield>
    <subfield code="y">B</subfield>
  </datafield>
</record>
